The big bang theory : characters - Statistics

General Stats
  • This quiz has been taken 19 times
  • The average score is 11 of 15
Answer Stats
Hint Answer % Correct
Sheldon's girl friend Amy
100%
The lactose intolerant scientist Leonard
100%
The cheesecake factory waitress Penny
100%
The physicist that is a twin Sheldon
100%
The astronaut Howard
94%
The one who can't talk to woman Raj
94%
The short squeaky one Bernadette
88%
The astronaut's baby girl Hally
65%
The physicist's mom Mary
65%
The physicist's twin Missy
65%
The little Yorky that is a main character's pet Cinnamon
59%
The guy with the lisp Barry
47%
The astronaut's baby boy Michael
47%
The Lactose intolerant scientist's mom Beverley
29%
( who says this ) " Howard!" His mother
6%
No matching quizzes found
Score Distribution
Percent of People with Each Score
Percentile by Number Answered
Your Score History
You have not taken this quiz